|
|
|
|
| LEADER |
00000nam a22000007a 4500 |
| 005 |
2018032607517.0 |
| 007 |
cr|||| |||| |
| 008 |
180326s2015 mx |||||s|||| 00||0 spa d |
| 020 |
|
|
|a 978-607-8156-31-3
|
| 035 |
|
|
|a 21179
|
| 040 |
|
|
|a vLex
|
| 090 |
|
|
|c 7548
|d 7548
|
| 100 |
1 |
|
|a Baez Corona, Jose Francisco
|
| 245 |
1 |
3 |
|a Los Derechos Humanos en el Sistema Penal Acusatorio Adversarial
|h [Recurso electrn̤ico] /
|c Jose Francisco Baez Corona, Carlos Antonio Vz̀quez Azuara, Carlos Garca̕ Mňdez, Petra Armenta Ramr̕ez
|
| 256 |
|
|
|a Servicio en ln̕ea
|
| 260 |
|
|
|a Veracruz:
|b Universidad de Xalapa,
|c 2015
|
| 300 |
|
|
|a 1 recurso electrn̤ico
|
| 506 |
1 |
|
|a Disponible solo en los productos indicados
|d vLex Global
|d vLex Global (Academic Edition, excluding Law Schools)
|d vLex Global (U.S. Academic Edition, Law Schools)
|d vLex Global (U.S. Academic Edition, excluding Law Schools)
|d vLex Global (Academic Edition, Law Schools)
|
| 650 |
0 |
4 |
|a Derecho Constitucional
|z Mx̌ico
|
| 650 |
0 |
4 |
|a Procedimiento Penal
|z Mx̌ico
|
| 650 |
0 |
4 |
|a Derecho Penal
|z Mx̌ico
|
| 700 |
1 |
|
|a Vz̀quez Azuara, Carlos Antonio
|
| 700 |
1 |
|
|a Garca̕ Mňdez, Carlos
|
| 700 |
1 |
|
|a Armenta Ramr̕ez, Petra
|
| 740 |
0 |
|
|a vLex Libros (Servicio en ln̕ea)
|
| 856 |
4 |
0 |
|u http://vlex.com/source/derechos-humanos-sistema-penal-acusatorio-adversarial-21179
|z Acceso restringido
|
| 942 |
|
|
|c BOOK
|
| 999 |
0 |
|
|a Constitutional Law
|
| 999 |
0 |
|
|a Criminal Procedure
|
| 999 |
0 |
|
|a Criminal Law
|